01399 a2200217 4500003000500000005001700005040000900022082001400031100003100045245007800076260002600154300001100180505053700191600002900728650002700757942001200784999001900796952012200815952012200937952012201059Nust20221024093138.0 cNust a621.3.COR aCorcoran, George F.941371 aIntroductory electrical engineering /cGeorge F. Corcoran & Henry R. Reed aNew YorkbWileyc1957 a527 p. aElectric Charge and Associated Energy (Page-1), Electric Current and Associated power (Page-34), D-C Circuit Analysis (Page-95), Magnetic Field Concepts (Page-170), Magnetic Effects (Page-214), Ferromagnetic Circuits (Page-266), Inductance (Page-317), The Electric Field (Page-364), Capacitance (Page-409), Boundary - :Layer Voltages (Page-465), A Units (Page-493), B Determinants (Page-506), C Energy Levels of Orbital Electrons (Page-517), D Chemical Element Referred to in This Text (Page-518), Appendix E Wire Table (Page-519).  aGeorge F Corcoran941262 aElectrical engineering 2ddccBK c180255d180255 00102ddc4070aMCSbMCScGENd2016-12-12o621.3,CORpMCS5304r2016-12-08w2016-12-12yBKzAlmirah No.28, Shelf No.1 00102ddc4070aMCSbMCScGENd2016-12-12o621.3,CORpMCS6474r2016-12-08w2016-12-12yBKzAlmirah No.28, Shelf No.1 00102ddc4070aMCSbMCScGENd2016-12-12o621.3,CORpMCS6715r2016-12-08w2016-12-12yBKzAlmirah No.28, Shelf No.1